000 00615cab a2200205 4500
001 WB3030-27
008 090401t1994 xxu||||| |||| 00| 0 eng d
035 _a(Sirsi) u23771
041 _aeng
245 _aRules on property receivers urged
260 _c1994
350 _a0
490 _aFinancial Times
_v4 August 1994, 7(1)
520 _aThe RICS is leading a campaign to introduce examinations, training and licensing for Law of Property Act (LPA) receivers.
650 _aLAW OF PROPERTY ACT RECEIVERS
650 _aRICS
690 _aPROPERTY LAW AND PRACTICE
942 _n0
948 _c04/03/1997
999 _c15914
_d15914